| 000 | 00000nam 2200000zi 4500 |
| 001 | 9.892046 |
| 003 | CaOODSP |
| 005 | 20221107173045 |
| 006 | m o d f |
| 007 | cr cn||||||||| |
| 008 | 201002s2019 quca o f000 0 eng d |
| 040 | |aCaOODSP|beng|erda|cCaOODSP |
| 043 | |an-cn--- |
| 086 | 1 |aCC143-22/2019-1E-PDF |
| 245 | 02|aA nation of entrepreneurs : |bthe changing face of Canadian entrepreneurship. |
| 264 | 1|a[Montréal] : |b[Business Development Bank of Canada], |c[2019] |
| 300 | |a1 online resource (1 page) |
| 336 | |atext|btxt|2rdacontent |
| 337 | |acomputer|bc|2rdamedia |
| 338 | |aonline resource|bcr|2rdacarrier |
| 500 | |aIssued also in French under title: Un monde d'entrepreneurs : le nouveau visage de l'entrepreneuriat au Canada. |
| 520 | |a"Entrepreneurship is making a comeback in Canada: 44,700 Canadians started a business in 2018—the highest number in a decade. Who are these new entrepreneurs? And what skills do they have? BDC conducted two national surveys to help answer these questions. Here’s what we found." |
| 650 | 0|aBusinesspeople|zCanada. |
| 650 | 0|aEntrepreneurship|zCanada. |
| 710 | 2 |aBusiness Development Bank of Canada, |eissuing body. |
| 775 | 08|tUn monde d'entrepreneurs : |w(CaOODSP)9.892047 |
| 856 | 40|qPDF|s498 KB|uhttps://publications.gc.ca/collections/collection_2020/bdc/CC143-22-2019-1-eng.pdf |